| 000 | 00884cam a2200205 4500 | ||
|---|---|---|---|
| 001 | WB3821-04 | ||
| 008 | 020612n2002 000 0 eng u | ||
| 035 | _a(Sirsi) u118390 | ||
| 245 | _aBats and construction | ||
| 260 | _c2002 | ||
| 490 |
_aCSM _bChartered Surveyor Monthly _vJune 2002, 6(1) |
||
| 520 | _aNew report from RICS Foundation by Peter Fenn alerts UK construction professionals that they are in danger of prosecution by not checking for bats before beginning works. Greater awareness of bat-related issues is needed. Summary of report is available at http://www.rics-foundation.org/publish/fibredetails.jsp?ID=1530 | ||
| 590 | _aWB | ||
| 650 | _aBATS | ||
| 650 | _aEC HABITATS AND SPECIES DIRECTIVE 1992 | ||
| 650 | _aWILDLIFE AND COUNTRYSIDE ACT 1981 | ||
| 650 | _aABOUT RICS-RELATED ORGANISATIONS-RICS FOUNDATION | ||
| 690 | _aBUILT ENVIRONMENT | ||
| 942 | _n0 | ||
| 999 |
_c70471 _d70471 |
||